Sports Quiz

Random Sports or Football Quiz

NFL MVPs Who Weren't Quarterbacks Quiz Stats

Quiz Updated Oct 10, 2017

Also try: Mixed Big 4 Logos
Challenge
Share
Tweet
Embed
Score 0/0 Timer 00:00
5 Plays Today
Team (Year) Player % Correct
Minnesota Vikings (2012)Adrian Peterson
95.4%
Cleveland Browns (1957)Jim Brown
90.8%
Cleveland Browns (1958)Jim Brown
90.7%
Cleveland Browns (1965)Jim Brown
90.7%
San Diego Chargers (2006)LaDainian Tomlinson
90.6%
Detroit Lions (1997)Barry Sanders
90.3%
Dallas Cowboys (1993)Emmitt Smith
90.2%
Washington Redskins (1972)Larry Brown
85.8%
St. Louis Rams (2000)Marshall Faulk
85.5%
New York Giants (1986)Lawrence Taylor
82%
Green Bay Packers (1962)Jim Taylor
80.5%
Team (Year) Player % Correct
Seattle Seahawks (2005)Shaun Alexander
77.6%
Chicago Bears (1977)Walter Payton
77.5%
Denver Broncos (1998)Terrell Davis
76.5%
Buffalo Bills (1973)O.J. Simpson
69.4%
Buffalo Bills (1991)Thurman Thomas
66.2%
Los Angeles Raiders (1985)Marcus Allen
65.5%
Houston Oilers (1979)Earl Campbell
56%
Green Bay Packers (1961)Paul Hornung
26.8%
Minnesota Vikings (1971)Alan Page
24.5%
Washington Redskins (1982)Mark Moseley
18.6%

You're not logged in!

Compare scores with friends on all Sporcle quizzes.
Sign Up with Email
OR
Log In

You Might Also Like...

Show Comments

Extras

Top Quizzes Today


Score Distribution

Your Account Isn't Verified!

In order to create a playlist on Sporcle, you need to verify the email address you used during registration. Go to your Sporcle Settings to finish the process.

Report this User

Report this user for behavior that violates our Community Guidelines.

Details: